000 00781cab a2200181 4500
001 ABS67958
008 040625n2004 000 0 eng u
035 _a(Sirsi) u126608
041 _aeng
100 _aHansford, M.
245 _aCommon purpose
260 _c2004
490 _aNew Civil Engineer
_v3 June 2004, 24-25(2)
520 _aReports on the progress of collaborative technology in the construction industry. Project collaboration software is now moving towards an industry standard although take up has been slower than predicted. Increasing use of collaborative software should increase the industry's efficiency as contractors no longer need to adjust to new software with each new client.
590 _aABS
690 _aProject management
_96261
942 _n0
999 _c74443
_d74443